Capocannonieri delle squadre - Serie A 2023-2024 - Statistics

Statistiche generali
  • Questo quiz è stato fatto 154 volte
  • Il punteggio medio è 13 su 22
Statistiche sulle risposte
Squadra Gol Capocannoniere % Corretto
Juventus 16 Dušan Vlahović
94%
Inter 24 Lautaro Martínez
94%
Roma 13 Paulo Dybala
88%
Milan 15 Olivier Giroud
83%
Bologna 11 Joshua Zirkzee
80%
Torino 12 Duván Zapata
79%
Napoli 15 Victor Osimhen
78%
Lazio 7 Ciro Immobile
77%
Atalanta 12 Gianluca Scamacca
73%
Sassuolo 11 Andrea Pinamonti
68%
Roma 13 Romelu Lukaku
66%
Frosinone 11 Matías Soulé
65%
Udinese 8 Lorenzo Lucca
55%
Genoa 14 Albert Guðmundsson
53%
Lecce 7 Nikola Krstović
53%
Atalanta 12 Teun Koopmeiners
46%
Monza 8 Andrea Colpani
41%
Salernitana 6 Antonio Candreva
33%
Fiorentina 12 Nicolás González
31%
Empoli 6 M'Baye Niang
14%
Verona 6 Cyril Ngonge
13%
Cagliari 5 Nicolas Viola
13%
Nessun quiz corrispondente trovato
Distribuzione punteggi
Percentuale di utenti per punteggio
Percentile per numero di risposta
I tuoi punteggi nel tempo
Non hai fatto questo quiz